000
00296nam a2200121Ia 4500
100
_a
Doyle/John M.
942
_c
BK
654
_a
Digital switching timing circuits
245
_a
Digital Switching & Timing Circuits
260
_b
Duxbury Press
_a
Calfornia
_c
1976
546
_a
ENGLISH
999
_c
29127
_d
29127